000 00512nam a2200181Ia 4500
005 20250423095424.0
008 250422s9999 xx 000 0 und d
020 _a978-1-5784-142-9
050 _aBP 170.5 .B76/
100 _aBrodbeck, Robia Christine
245 0 _aFrom the stage to the prayer mat : the story of how a world-famous dancer fell in love with the divine
260 _aNew Jersey
260 _bTughra Books
260 _c2011
300 _a316 p
650 _aMuslim Converts
942 _cBK
999 _c30229
_d30229